Feluda / (Record no. 79122)
[ view plain ]
| 000 -LEADER | |
|---|---|
| fixed length control field | 00660nam a22002057a 4500 |
| 005 - DATE AND TIME OF LATEST TRANSACTION | |
| control field | 20131216163049.0 |
| 010 ## - LCCN (DPL NO) | |
| LC control number | B-522151-159 |
| 020 ## - INTERNATIONAL STANDARD BOOK NUMBER | |
| International Standard Book Number | 9780143416043 |
| Terms of availability | 99.00 |
| 035 ## - SYSTEM CONTROL NUMBER | |
| System control number | B-522151-159 |
| 037 ## - SOURCE OF ACQUISITION | |
| Source of stock number/acquisition | BBB/Ven |
| Stock number | dpl |
| 082 ## - DEWEY DECIMAL CLASSIFICATION NUMBER | |
| Classification number | S |
| 100 ## - MAIN ENTRY--PERSONAL NAME | |
| Personal name | Ray, Satyajit |
| 245 ## - TITLE STATEMENT | |
| Title | Feluda / |
| Statement of responsibility, etc | by Satyajit Ray; translated by Gopa Majumdar |
| 260 ## - PUBLICATION, DISTRIBUTION, ETC. (IMPRINT) | |
| Name of publisher, distributor, etc | Penguin Books India |
| Date of publication, distribution, etc | 2011 |
| Place of publication, distribution, etc | New Delhi |
| 270 ## - ADDRESS | |
| Address | 11 Community Centre, Panchsheel Park, |
| City | New Delhi |
| Postal code | 110017 |
| 300 ## - PHYSICAL DESCRIPTION | |
| Extent | v,146p. |
| Dimensions | 12cm(pbk) |
| 700 ## - ADDED ENTRY--PERSONAL NAME | |
| Personal name | Majumdar, Gopa |
| 942 ## - ADDED ENTRY ELEMENTS (KOHA) | |
| Item type | Children Books |
| Source of classification or shelving scheme | Dewey Decimal Classification |
| Call number suffix | RAY |
| Classification part | S |
| Withdrawn status | Lost status | Not for loan | Collection code | Home library | Current library | Date acquired | Source of acquisition | Cost, normal purchase price | Full call number | Barcode | Copy number | Cost, replacement price | Koha item type |
|---|---|---|---|---|---|---|---|---|---|---|---|---|---|
| Fiction | Central Jail Tihar | Central Jail Tihar | 16/12/2013 | BBB/IN10452/28.03.2013/202/20.03.2013/28.03.2013 | 99.00 | S RAY | B-522155 | 1 | 99.00 | Children Books | |||
| Written-off vide DLB M. No. 383 dt 16.05.19 | Fiction | Central Library | Central Library | 16/12/2013 | BBB/IN10452/28.03.2013/202/20.03.2013/28.03.2013 | 99.00 | S RAY | B-522151 | 1 | 99.00 | Children Books | ||
| Fiction | Janak Puri | Janak Puri | 16/12/2013 | BBB/IN10452/28.03.2013/202/20.03.2013/28.03.2013 | 99.00 | S RAY | B-522156 | 1 | 99.00 | Children Books | |||
| Fiction | Karol Bagh | Karol Bagh | 16/12/2013 | BBB/IN10452/28.03.2013/202/20.03.2013/28.03.2013 | 99.00 | S RAY | B-522157 | 1 | 99.00 | Children Books | |||
| Fiction | Kasturba Gandhi Marg | Kasturba Gandhi Marg | 16/12/2013 | BBB/IN10452/28.03.2013/202/20.03.2013/28.03.2013 | 99.00 | S RAY | B-522153 | 1 | 99.00 | Children Books | |||
| Fiction | Narela | Narela | 16/12/2013 | BBB/IN10452/28.03.2013/202/20.03.2013/28.03.2013 | 99.00 | S RAY | B-522158 | 1 | 99.00 | Children Books | |||
| Fiction | Patel Nagar | Patel Nagar | 16/12/2013 | BBB/IN10452/28.03.2013/202/20.03.2013/28.03.2013 | 99.00 | S RAY | B-522152 | 1 | 99.00 | Children Books | |||
| Fiction | Peshwa Road | Peshwa Road | 16/12/2013 | BBB/IN10452/28.03.2013/202/20.03.2013/28.03.2013 | 99.00 | S RAY | B-522154 | 1 | 99.00 | Children Books | |||
| Fiction | Shahdara Branch | Shahdara Branch | 16/12/2013 | BBB/IN10452/28.03.2013/202/20.03.2013/28.03.2013 | 99.00 | S RAY | B-522159 | 1 | 99.00 | Children Books |
